| 000 | 00612nam a22001937a 4500 | ||
|---|---|---|---|
| 003 | LK-CoMWRAF | ||
| 005 | 20231024142222.0 | ||
| 008 | 231024b1841 |||||||| |||| 00| 0 eng d | ||
| 040 |
_aLK-CoMWRAF _dLK-CoMWRAF _eLK-CoMWRAF |
||
| 041 | _aeng | ||
| 082 |
_a032 _bAL |
||
| 100 | _aAl-Masudi | ||
| 245 |
_aEl-Masūdī's Historical Encyclopaedia, Entitled "Meadows of Gold and Mines of Gems": _bVolume 1 |
||
| 260 |
_a[London]: _bOriental Translation Fund of Great Britain and Ireland, _c1841 |
||
| 300 | _aLxxii. 464 p. | ||
| 650 | _aENCYCLOPEDIAS,HISTORICAL | ||
| 700 |
_aSprenger, Aloys _etrans. |
||
| 942 | _cBK | ||
| 999 |
_c3993 _d3993 |
||